Colette : una vita libera e condizionata /
I tiakina i:
| Kaituhi matua: | |
|---|---|
| Ētahi atu kaituhi: | |
| Hōputu: | Pukapuka |
| Reo: | Itāriana |
| I whakaputaina: |
Milano :
Bompiani,
1981
|
| Rangatū: | Ritratti
|
| Ngā marau: | |
| Ngā Tūtohu: |
Kāore He Tūtohu, Me noho koe te mea tuatahi ki te tūtohu i tēnei pūkete!
|
MARC
| LEADER | 00000nam a22000007i 4500 | ||
|---|---|---|---|
| 001 | IT\ICCU\RAV\0007382 | ||
| 003 | ItRI | ||
| 005 | 20260115232404.0 | ||
| 008 | 860911s1981 it |||||| ||||| |||||c | ||
| 040 | |b ita |c importazione bologna sebina | ||
| 041 | 7 | |a ita |2 ISO-639-2 | |
| 082 | |a 928 |9 BIOGRAFIA. LETTERATI, STORICI |2 18 | ||
| 100 | 1 | |a Sarde, Michèle |0 IT\ICCU\RAVV\005180 |4 aut | |
| 240 | 1 | 0 | |a Colette, libre et entravee |3 IT\ICCU\RAV\0007385 |9 Sarde, Michèle |
| 245 | 1 | 0 | |a Colette : |b una vita libera e condizionata / |c Michèle Sarde. |
| 260 | |a Milano : |b Bompiani, |c 1981 | ||
| 300 | |a 413 p., [16] p. di tav. : |b ill. ; |c 23 cm | ||
| 500 | |a Traduzione di Donatella Borghesi. | ||
| 650 | 7 | |a Colette |2 scbi | |
| 700 | 1 | |a Borghesi, Donatella |0 IT\ICCU\CFIV\180083 |4 trl | |
| 830 | 0 | |a Ritratti |0 IT\ICCU\RAV\0001874 | |
| 942 | |2 ddc |c BK |n 0 | ||
| 952 | |0 0 |1 0 |4 0 |6 L_843_912000000000000_SAR |7 0 |9 25244 |a BO |b BO |d 2026-01-15 |i 319 |l 0 |o L 843.912 SAR |p BO319 |r 2026-01-15 23:24:04 |w 2026-01-15 |x [Sebina 5] [1 v.] |y BK |z 1 v. | ||
| 999 | |c 21450 |d 21450 | ||